| 000 | 00471nam a22001937a 4500 | ||
|---|---|---|---|
| 003 | NUST - PNEC | ||
| 005 | 20170116180904.0 | ||
| 008 | 150902b xxu||||| |||| 00| 0 eng d | ||
| 020 | _a0070697167 | ||
| 020 | _a0072281928 | ||
| 040 | _cLIBRARY | ||
| 082 | _a620.106 WHI | ||
| 100 |
_96523 _aWhite, Frank M. |
||
| 245 |
_aFluid mechanics _cFrank M. White |
||
| 250 | _aFourth Edition | ||
| 260 | _cc.1999 | ||
| 650 |
_96525 _aFluid mechanics _xME |
||
| 942 |
_2ddc _cBK |
||
| 999 |
_c65036 _d65036 |
||